[Event "White Rook U14 Final 2019"]
[Site "Sochi"]
[Date "2019.06.06"]
[Round "1.12"]
[White "Kekeeva, Sofia"]
[Black "Kuzmina, Varvara"]
[Result "1-0"]
[WhiteElo "1330"]
[BlackElo "1190"]
[Annotator "NA RC"]
[PlyCount "131"]
[EventDate "2019.06.02"]
[EventCountry "RUS"]
[SourceTitle "playchess.com"]
[Source "ChessBase"]
[SourceQuality "1"]
[TimeControl "5400+30"]

1. d4 {[%emt 0:00:00]} Nf6 {[%emt 0:00:00]} 2. c4 {[%emt 0:00:00]} g6 {[%emt 0:00:00]} 3. Nc3 {[%emt 0:00:00]} d5 {[%emt 0:00:00]} 4. cxd5 {[%emt 0:00:00]} Nxd5 {[%emt 0:00:00]} 5. e4 {[%emt 0:00:00]} Nxc3 {[%emt 0:00:06]} 6. bxc3 {[%emt 0:00:00]} Bg7 {[%emt 0:00:00]} 7. Nf3 {[%emt 0:00:50]} O-O {[%emt 0:00:03]} 8. Be2 {[%emt 0:00:00]} c5 {[%emt 0:00:37]} 9. Rb1 {[%emt 0:02:15]} Nc6 {[%emt 0:01:42]} 10. Be3 {[%emt 0:01:39]} Qa5 {[%emt 0:09:24]} 11. d5 {[%emt 0:11:50]} Bxc3+ {[%emt 0:00:15]} 12. Kf1 {[%emt 0:00:12]} Ne5 {[%emt 0:04:39]} 13. Nxe5 {[%emt 0:01:20]} Bxe5 {[%emt 0:01:03]} 14. Rb5 {[%emt 0:00:06]} Qxa2 {[%emt 0:00:30]} 15. Bxc5 {[%emt 0:00:04]} Bd6 {[%emt 0:03:44]} 16. Bd4 {[%emt 0:02:49]} b6 {[%emt 0:06:02]} 17. Rb1 {[%emt 0:01:16]} Ba6 {[%emt 0:03:32]} 18. Rb2 {[%emt 0:38:13]} Bxe2+ {[%emt 0:00:51]} 19. Rxe2 {[%emt 0:00:51]} Qc4 {[%emt 0:01:49]} 20. g3 {[%emt 0:00:00]} Bc5 {[%emt 0:01:21]} 21. Bxc5 {[%emt 0:04:13]} Qxc5 {[%emt 0:01:12]} 22. Qa4 {[%emt 0:03:32]} a5 {[%emt 0:02:29]} 23. Rc2 {[%emt 0:00:57]} Qb4 {[%emt 0:01:29]} 24. Qxb4 {[%emt 0:00:08]} axb4 {[%emt 0:00:19]} 25. Ke2 {[%emt 0:24:02]} Ra4 {[%emt 0:04:05]} 26. f3 {[%emt 0:04:40]} Rfa8 {[%emt 0:03:00]} 27. Rb1 {[%emt 0:02:03]} f5 {[%emt 0:04:19]} 28. Ke3 {[%emt 0:02:10]} Ra3+ {[%emt 0:01:09]} 29. Ke2 {[%emt 0:00:37]} R8a4 {[%emt 0:01:28]} 30. exf5 {[%emt 0:00:00]} gxf5 {[%emt 0:01:01]} 31. Rcb2 {[%emt 0:00:58]} Ra2 {[%emt 0:03:31]} 32. Ke3 {[%emt 0:00:37]} R2a3+ {[%emt 0:05:58]} 33. Ke2 {[%emt 0:00:25]} Ra5 {[%emt 0:00:53]} 34. Rxb4 {[%emt 0:00:15]} Rxd5 {[%emt 0:00:00]} 35. Rxb6 {[%emt 0:00:30]} Rdd3 {[%emt 0:00:00]} 36. f4 {[%emt 0:00:08]} Rdc3 {[%emt 0:01:22]} 37. R1b2 {[%emt 0:00:45]} Re3+ {[%emt 0:00:00]} 38. Kf2 {[%emt 0:00:00]} Kg7 {[%emt 0:01:18]} 39. Rd2 {[%emt 0:00:56]} Rad3 {[%emt 0:08:33]} 40. Rc2 {[%emt 0:00:33]} h5 {[%emt 0:00:59]} 41. Rcc6 {[%emt 0:00:31]} h4 {[%emt 0:00:30]} 42. Rg6+ {[%emt 0:00:43]} Kf7 {[%emt 0:00:46]} 43. Rg5 {[%emt 0:00:36]} hxg3+ {[%emt 0:00:34]} 44. hxg3 {[%emt 0:00:00]} e6 {[%emt 0:01:34]} 45. Rb7+ {[%emt 0:00:17]} Kf6 {[%emt 0:00:38]} 46. Rbg7 {[%emt 0:00:13]} Rf3+ {[%emt 0:00:55]} 47. Kg2 {[%emt 0:00:02]} Rxg3+ {[%emt 0:01:56]} 48. Rxg3 {[%emt 0:00:10]} Rxg3+ {[%emt 0:04:29]} 49. Rxg3 {[%emt 0:00:06]} e5 {[%emt 0:00:18]} 50. fxe5+ {[%emt 0:00:05]} Kxe5 {[%emt 0:00:04]} 51. Kf3 {[%emt 0:00:06]} f4 {[%emt 0:00:09]} 52. Rg4 {[%emt 0:00:05]} Kf5 {[%emt 0:00:14]} 53. Rxf4+ {[%emt 0:00:04]} Ke5 {[%emt 0:00:07]} 54. Ke3 {[%emt 0:00:06]} Kd5 {[%emt 0:00:09]} 55. Re4 {[%emt 0:00:07]} Kc5 {[%emt 0:00:06]} 56. Rd4 {[%emt 0:00:05]} Kb5 {[%emt 0:00:21]} 57. Kd3 {[%emt 0:00:05]} Kc5 {[%emt 0:00:15]} 58. Kc3 {[%emt 0:00:05]} Kb5 {[%emt 0:00:09]} 59. Rc4 {[%emt 0:00:04]} Ka5 {[%emt 0:00:08]} 60. Rb4 {[%emt 0:00:08]} Ka6 {[%emt 0:00:09]} 61. Rb1 {[%emt 0:00:07]} Ka7 {[%emt 0:00:11]} 62. Kc4 {[%emt 0:00:09]} Ka8 {[%emt 0:00:38]} 63. Kc5 {[%emt 0:00:14]} Ka7 {[%emt 0:00:52]} 64. Kc6 {[%emt 0:00:05]} Ka8 {[%emt 0:00:14]} 65. Kc7 {[%emt 0:00:05]} Ka7 {[%emt 0:00:05]} 66. Ra1# {[%emt 0:00:10]} 1-0

[Event "White Rook U14 Final 2019"]
[Site "Sochi"]
[Date "2019.06.06"]
[Round "1.13"]
[White "Gromov, Nikita"]
[Black "Kurus, Artem"]
[Result "0-1"]
[WhiteElo "1459"]
[BlackElo "1769"]
[Annotator "NA RC"]
[PlyCount "122"]
[EventDate "2019.06.02"]
[EventCountry "RUS"]
[SourceTitle "playchess.com"]
[Source "ChessBase"]
[SourceQuality "1"]
[TimeControl "5400+30"]

1. d4 {[%emt 0:00:00]} Nf6 {[%emt 0:00:00]} 2. g3 {[%emt 0:00:00]} b5 {[%emt 0:00:20]} 3. Bg2 {[%emt 0:00:00]} d5 {[%emt 0:00:12]} 4. Nf3 {[%emt 0:00:00]} Bb7 {[%emt 0:00:05]} 5. O-O {[%emt 0:00:00]} e6 {[%emt 0:00:48]} 6. Re1 {[%emt 0:00:26]} Be7 {[%emt 0:00:00]} 7. c3 {[%emt 0:00:00]} O-O {[%emt 0:01:32]} 8. Bg5 {[%emt 0:00:29]} Nbd7 {[%emt 0:00:46]} 9. Nbd2 {[%emt 0:00:36]} c5 {[%emt 0:01:55]} 10. Rc1 {[%emt 0:01:58]} Ne4 {[%emt 0:14:43]} 11. Bxe7 {[%emt 0:00:40]} Qxe7 {[%emt 0:00:36]} 12. e3 {[%emt 0:00:54]} f5 {[%emt 0:00:01]} 13. Nxe4 {[%emt 0:00:38]} fxe4 {[%emt 0:04:37]} 14. Nd2 {[%emt 0:03:49]} e5 {[%emt 0:00:33]} 15. Qb3 {[%emt 0:00:08]} Bc6 {[%emt 0:09:20]} 16. Qc2 {[%emt 0:02:16]} Rf6 {[%emt 0:03:55]} 17. Nb3 {[%emt 0:01:53]} exd4 {[%emt 0:02:09]} 18. cxd4 {[%emt 0:02:08]} c4 {[%emt 0:02:36]} 19. Na5 {[%emt 0:01:08]} Raf8 {[%emt 0:00:16]} 20. Nxc6 {[%emt 0:01:10]} Rxc6 {[%emt 0:01:01]} 21. a3 {[%emt 0:00:27]} Rcf6 {[%emt 0:00:02]} 22. Re2 {[%emt 0:01:10]} Nb8 {[%emt 0:08:53]} 23. b4 {[%emt 0:00:47]} Nc6 {[%emt 0:01:30]} 24. Rf1 {[%emt 0:02:50]} a5 {[%emt 0:01:01]} 25. Qb2 {[%emt 0:02:48]} axb4 {[%emt 0:09:05]} 26. axb4 {[%emt 0:03:16]} Nxb4 {[%emt 0:12:26]} 27. Rb1 {[%emt 0:01:04]} Nd3 {[%emt 0:01:16]} 28. Qxb5 {[%emt 0:00:13]} Qf7 {[%emt 0:00:05]} 29. Rf1 {[%emt 0:00:09]} Nxf2 {[%emt 0:00:17]} 30. Ree1 {[%emt 0:01:40]} Qe6 {[%emt 0:01:15]} 31. Ra1 {[%emt 0:03:07]} h6 {[%emt 0:03:48]} 32. Ra5 {[%emt 0:02:37]} Rf5 {[%emt 0:02:38]} 33. h3 {[%emt 0:01:07]} Qd6 {[%emt 0:03:14]} 34. Raa1 {[%emt 0:02:37]} Qxg3 {[%emt 0:02:38]} 35. Rxf2 {[%emt 0:03:35]} Qxf2+ {[%emt 0:00:22]} 36. Kh1 {[%emt 0:05:19]} Rg5 {[%emt 0:00:16]} 37. Rg1 {[%emt 0:00:02]} Qxe3 {[%emt 0:00:29]} 38. Qd7 {[%emt 0:00:10]} Qxd4 {[%emt 0:00:10]} 39. Qe6+ {[%emt 0:00:51]} Kh8 {[%emt 0:00:25]} 40. Qe7 {[%emt 0:00:33]} Qf6 {[%emt 0:00:05]} 41. Qa7 {[%emt 0:00:34]} Qf2 {[%emt 0:00:09]} 42. Qd7 {[%emt 0:00:27]} e3 {[%emt 0:00:33]} 43. Qe7 {[%emt 0:00:00]} e2 {[%emt 0:00:13]} 44. Kh2 {[%emt 0:05:21]} Qxg1+ {[%emt 0:02:03]} 45. Kxg1 {[%emt 0:00:00]} Rf1+ {[%emt 0:00:01]} 46. Kh2 {[%emt 0:00:19]} Rxg2+ {[%emt 0:00:00]} 47. Kxg2 {[%emt 0:01:46]} e1=Q {[%emt 0:00:19]} 48. Qxe1 {[%emt 0:00:00]} Rxe1 {[%emt 0:00:00]} 49. h4 {[%emt 0:00:30]} c3 {[%emt 0:00:00]} 50. Kf2 {[%emt 0:00:00]} c2 {[%emt 0:00:00]} 51. Kxe1 {[%emt 0:00:20]} c1=Q+ {[%emt 0:00:00]} 52. Ke2 {[%emt 0:00:09]} d4 {[%emt 0:00:00]} 53. h5 {[%emt 0:00:24]} Qe3+ {[%emt 0:00:00]} 54. Kd1 {[%emt 0:00:01]} Qf3+ {[%emt 0:00:39]} 55. Kd2 {[%emt 0:00:02]} d3 {[%emt 0:00:00]} 56. Kc3 {[%emt 0:00:00]} Qe4 {[%emt 0:00:13]} 57. Kd2 {[%emt 0:00:31]} Qe2+ {[%emt 0:00:00]} 58. Kc3 {[%emt 0:00:14]} d2 {[%emt 0:00:06]} 59. Kb4 {[%emt 0:00:36]} d1=R {[%emt 0:00:07]} 60. Kc5 {[%emt 0:00:08]} Qc2+ {[%emt 0:00:03]} 61. Kb6 {[%emt 0:00:14]} Rb1+ {[%emt 0:00:04]} 0-1

[Event "White Rook U14 Final 2019"]
[Site "Sochi"]
[Date "2019.06.06"]
[Round "1.14"]
[White "Usov, Aleksandr E."]
[Black "Novikov, Vladislav"]
[Result "1-0"]
[WhiteElo "1812"]
[BlackElo "1501"]
[Annotator "NA RC"]
[PlyCount "91"]
[EventDate "2019.06.02"]
[EventCountry "RUS"]
[SourceTitle "playchess.com"]
[Source "ChessBase"]
[SourceQuality "1"]
[TimeControl "5400+30"]

1. e4 {[%emt 0:00:00]} e6 {[%emt 0:00:00]} 2. d4 {[%emt 0:00:00]} d5 {[%emt 0:00:00]} 3. Nd2 {[%emt 0:00:00]} dxe4 {[%emt 0:00:00]} 4. Nxe4 {[%emt 0:00:00]} Bd7 {[%emt 0:00:00]} 5. Nf3 {[%emt 0:00:07]} Bc6 {[%emt 0:00:00]} 6. Bd3 {[%emt 0:00:00]} Nd7 {[%emt 0:01:17]} 7. O-O {[%emt 0:00:03]} Be7 {[%emt 0:00:00]} 8. Ne5 {[%emt 0:01:28]} Bxe4 {[%emt 0:01:41]} 9. Bxe4 {[%emt 0:00:08]} c6 {[%emt 0:00:40]} 10. Qh5 {[%emt 0:02:42]} Nxe5 {[%emt 0:02:11]} 11. dxe5 {[%emt 0:00:16]} g6 {[%emt 0:04:59]} 12. Qe2 {[%emt 0:00:05]} Bc5 {[%emt 0:02:32]} 13. Rd1 {[%emt 0:04:21]} Qb6 {[%emt 0:00:54]} 14. c3 {[%emt 0:08:58]} a5 {[%emt 0:01:30]} 15. Bg5 {[%emt 0:03:28]} Ne7 {[%emt 0:04:43]} 16. Rd2 {[%emt 0:13:24]} h6 {[%emt 0:01:45]} 17. Bf6 {[%emt 0:02:29]} Rg8 {[%emt 0:04:02]} 18. Rad1 {[%emt 0:01:00]} Nd5 {[%emt 0:09:35]} 19. c4 {[%emt 0:07:57]} Nxf6 {[%emt 0:09:28]} 20. exf6 {[%emt 0:00:02]} Qc7 {[%emt 0:02:23]} 21. Qd3 {[%emt 0:01:34]} Bb6 {[%emt 0:02:53]} 22. c5 {[%emt 0:16:05]} Bxc5 {[%emt 0:01:03]} 23. Qd7+ {[%emt 0:04:35]} Qxd7 {[%emt 0:00:28]} 24. Rxd7 {[%emt 0:00:00]} Rb8 {[%emt 0:03:10]} 25. Rxb7 {[%emt 0:00:20]} Rc8 {[%emt 0:01:46]} 26. Bxc6+ {[%emt 0:00:08]} Kf8 {[%emt 0:00:27]} 27. Rdd7 {[%emt 0:00:24]} Rg7 {[%emt 0:00:58]} 28. fxg7+ {[%emt 0:00:56]} Kxg7 {[%emt 0:00:00]} 29. Rxf7+ {[%emt 0:00:00]} Kg8 {[%emt 0:00:00]} 30. Rg7+ {[%emt 0:00:20]} Kh8 {[%emt 0:00:27]} 31. Rh7+ {[%emt 0:00:00]} Kg8 {[%emt 0:00:00]} 32. Rbg7+ {[%emt 0:01:50]} Kf8 {[%emt 0:00:00]} 33. Rh8+ {[%emt 0:00:45]} Kxg7 {[%emt 0:00:23]} 34. Rxc8 {[%emt 0:00:04]} Bd4 {[%emt 0:00:00]} 35. Be4 {[%emt 0:00:03]} Bxb2 {[%emt 0:00:00]} 36. Rc6 {[%emt 0:00:22]} Kf7 {[%emt 0:00:52]} 37. Bxg6+ {[%emt 0:01:17]} Kxg6 {[%emt 0:00:11]} 38. Rxe6+ {[%emt 0:00:06]} Kg5 {[%emt 0:00:45]} 39. g3 {[%emt 0:00:54]} h5 {[%emt 0:00:18]} 40. f4+ {[%emt 0:00:00]} Kf5 {[%emt 0:00:39]} 41. Re2 {[%emt 0:00:14]} Bd4+ {[%emt 0:00:22]} 42. Kg2 {[%emt 0:01:03]} h4 {[%emt 0:00:00]} 43. Kf3 {[%emt 0:00:00]} Kg6 {[%emt 0:00:40]} 44. Re6+ {[%emt 0:00:12]} Kf5 {[%emt 0:00:00]} 45. Rd6 {[%emt 0:00:05]} Bg1 {[%emt 0:00:25]} 46. g4# {[%emt 0:00:06]} 1-0

[Event "White Rook U14 Final 2019"]
[Site "Sochi"]
[Date "2019.06.06"]
[Round "1.15"]
[White "Shuvaev, Aleksandr"]
[Black "Saikin, Ilia"]
[Result "0-1"]
[WhiteElo "1323"]
[BlackElo "1641"]
[Annotator "NA RC"]
[PlyCount "120"]
[EventDate "2019.06.02"]
[EventCountry "RUS"]
[SourceTitle "playchess.com"]
[Source "ChessBase"]
[SourceQuality "1"]
[TimeControl "5400+30"]

1. d4 {[%emt 0:00:00]} Nf6 {[%emt 0:00:13]} 2. c4 {[%emt 0:00:09]} e6 {[%emt 0:00:03]} 3. Nf3 {[%emt 0:00:08]} b6 {[%emt 0:00:15]} 4. g3 {[%emt 0:00:16]} Ba6 {[%emt 0:00:11]} 5. b3 {[%emt 0:00:33]} Bb4+ {[%emt 0:00:30]} 6. Bd2 {[%emt 0:00:14]} Be7 {[%emt 0:00:16]} 7. Bg2 {[%emt 0:00:24]} Bb7 {[%emt 0:00:06]} 8. O-O {[%emt 0:00:13]} O-O {[%emt 0:00:16]} 9. Nc3 {[%emt 0:00:15]} c5 {[%emt 0:00:59]} 10. dxc5 {[%emt 0:04:19]} bxc5 {[%emt 0:01:24]} 11. Qc2 {[%emt 0:01:11]} Nc6 {[%emt 0:02:10]} 12. Rad1 {[%emt 0:03:04]} Nb4 {[%emt 0:26:09]} 13. Qb1 {[%emt 0:02:27]} a6 {[%emt 0:11:20]} 14. Rfe1 {[%emt 0:02:45]} d6 {[%emt 0:09:14]} 15. Bg5 {[%emt 0:09:43]} Qc7 {[%emt 0:05:21]} 16. a3 {[%emt 0:12:14]} Nc6 {[%emt 0:00:47]} 17. Bxf6 {[%emt 0:06:59]} Bxf6 {[%emt 0:00:31]} 18. Ne4 {[%emt 0:01:15]} Be7 {[%emt 0:00:10]} 19. Neg5 {[%emt 0:05:50]} g6 {[%emt 0:00:44]} 20. h4 {[%emt 0:01:53]} Nd8 {[%emt 0:03:15]} 21. h5 {[%emt 0:11:31]} Bxg5 {[%emt 0:03:13]} 22. Nxg5 {[%emt 0:01:06]} Bxg2 {[%emt 0:00:00]} 23. Kxg2 {[%emt 0:01:44]} Qe7 {[%emt 0:04:57]} 24. Ne4 {[%emt 0:02:29]} Nb7 {[%emt 0:00:00]} 25. hxg6 {[%emt 0:00:35]} hxg6 {[%emt 0:00:04]} 26. Rh1 {[%emt 0:00:58]} f5 {[%emt 0:00:45]} 27. Qb2 {[%emt 0:06:17]} e5 {[%emt 0:01:46]} 28. Nd2 {[%emt 0:01:04]} Rf7 {[%emt 0:08:29]} 29. Rh2 {[%emt 0:02:26]} Rh7 {[%emt 0:00:10]} 30. Rdh1 {[%emt 0:00:48]} Rxh2+ {[%emt 0:00:12]} 31. Rxh2 {[%emt 0:00:05]} Rb8 {[%emt 0:02:21]} 32. f4 {[%emt 0:01:53]} Na5 {[%emt 0:00:10]} 33. b4 {[%emt 0:02:02]} cxb4 {[%emt 0:01:02]} 34. axb4 {[%emt 0:00:35]} Qb7+ {[%emt 0:00:19]} 35. Nf3 {[%emt 0:05:43]} Nxc4 {[%emt 0:01:16]} 36. Qa2 {[%emt 0:06:29]} Qd5 {[%emt 0:01:02]} 37. Kf2 {[%emt 0:02:32]} e4 {[%emt 0:00:37]} 38. Qa1 {[%emt 0:02:05]} Ne5 {[%emt 0:14:07]} 39. fxe5 {[%emt 0:01:19]} exf3 {[%emt 0:00:17]} 40. e6 {[%emt 0:00:44]} Qe5 {[%emt 0:00:25]} 41. Qxe5 {[%emt 0:00:53]} dxe5 {[%emt 0:00:09]} 42. Kxf3 {[%emt 0:00:20]} Re8 {[%emt 0:00:34]} 43. e4 {[%emt 0:00:25]} Rxe6 {[%emt 0:00:15]} 44. Rc2 {[%emt 0:00:26]} Kf7 {[%emt 0:00:10]} 45. g4 {[%emt 0:01:36]} Kf6 {[%emt 0:01:22]} 46. gxf5 {[%emt 0:01:03]} gxf5 {[%emt 0:00:07]} 47. exf5 {[%emt 0:00:16]} Kxf5 {[%emt 0:00:04]} 48. Rf2 {[%emt 0:00:33]} e4+ {[%emt 0:00:38]} 49. Ke3+ {[%emt 0:00:08]} Ke5 {[%emt 0:00:03]} 50. Rc2 {[%emt 0:00:26]} Rd6 {[%emt 0:00:35]} 51. Rc5+ {[%emt 0:00:18]} Rd5 {[%emt 0:00:04]} 52. Ra5 {[%emt 0:00:10]} Rxa5 {[%emt 0:00:29]} 53. bxa5 {[%emt 0:00:05]} Kd5 {[%emt 0:00:01]} 54. Kf4 {[%emt 0:00:08]} Kd4 {[%emt 0:00:09]} 55. Kg3 {[%emt 0:00:19]} Kd3 {[%emt 0:00:10]} 56. Kf2 {[%emt 0:00:08]} Kd2 {[%emt 0:00:10]} 57. Kf1 {[%emt 0:00:19]} e3 {[%emt 0:00:06]} 58. Kg2 {[%emt 0:00:48]} e2 {[%emt 0:00:03]} 59. Kf3 {[%emt 0:00:10]} e1=Q {[%emt 0:00:06]} 60. Kf4 {[%emt 0:00:14]} Kd3 {[%emt 0:00:07]} 0-1

[Event "White Rook U14 Final 2019"]
[Site "Sochi"]
[Date "2019.06.06"]
[Round "1.16"]
[White "Krupnova, Anna"]
[Black "Savchenko, Taisiya"]
[Result "1-0"]
[WhiteElo "1714"]
[BlackElo "1170"]
[Annotator "NA RC"]
[PlyCount "43"]
[EventDate "2019.06.02"]
[EventCountry "RUS"]
[SourceTitle "playchess.com"]
[Source "ChessBase"]
[SourceQuality "1"]
[TimeControl "5400+30"]

1. d4 {[%emt 0:00:00]} g6 {[%emt 0:00:00]} 2. c4 {[%emt 0:00:00]} Bg7 {[%emt 0:00:00]} 3. Nc3 {[%emt 0:00:00]} d6 {[%emt 0:00:00]} 4. e4 {[%emt 0:00:34]} Nd7 {[%emt 0:00:40]} 5. Be2 {[%emt 0:01:57]} e5 {[%emt 0:01:35]} 6. d5 {[%emt 0:02:31]} Ngf6 {[%emt 0:00:13]} 7. Bg5 {[%emt 0:00:28]} O-O {[%emt 0:01:26]} 8. Qd2 {[%emt 0:00:54]} Re8 {[%emt 0:00:00]} 9. f3 {[%emt 0:04:53]} a5 {[%emt 0:14:25]} 10. g4 {[%emt 0:02:43]} Nc5 {[%emt 0:04:41]} 11. h4 {[%emt 0:02:04]} h5 {[%emt 0:09:57]} 12. gxh5 {[%emt 0:02:23]} gxh5 {[%emt 0:02:56]} 13. Nh3 {[%emt 0:03:27]} Kh7 {[%emt 0:14:29]} 14. O-O-O {[%emt 0:09:20]} Re7 {[%emt 0:09:56]} 15. Rdg1 {[%emt 0:06:11]} Qf8 {[%emt 0:06:38]} 16. Be3 {[%emt 0:13:27]} a4 {[%emt 0:07:50]} 17. Rxg7+ {[%emt 0:05:11]} Qxg7 {[%emt 0:03:42]} 18. Rg1 {[%emt 0:02:57]} Qf8 {[%emt 0:00:10]} 19. Bh6 {[%emt 0:26:25]} Qd8 {[%emt 0:07:03]} 20. Qg5 {[%emt 0:03:47]} Qg8 {[%emt 0:02:53]} 21. Qxf6 {[%emt 0:02:16]} Qh8 {[%emt 0:01:16]} 22. Rg7+ {[%emt 0:00:40]} 1-0

[Event "White Rook U14 Final 2019"]
[Site "Sochi"]
[Date "2019.06.06"]
[Round "1.17"]
[White "Novoselov, Danil"]
[Black "Khusnulgatin, Artem"]
[Result "0-1"]
[WhiteElo "1723"]
[BlackElo "1653"]
[Annotator "NA RC"]
[PlyCount "138"]
[EventDate "2019.06.02"]
[EventCountry "RUS"]
[SourceTitle "playchess.com"]
[Source "ChessBase"]
[SourceQuality "1"]
[TimeControl "5400+30"]

1. e4 {[%emt 0:00:00]} c5 {[%emt 0:00:00]} 2. Nf3 {[%emt 0:00:00]} d6 {[%emt 0:00:00]} 3. d4 {[%emt 0:00:00]} cxd4 {[%emt 0:00:00]} 4. Nxd4 {[%emt 0:00:00]} Nf6 {[%emt 0:00:00]} 5. Nc3 {[%emt 0:00:00]} g6 {[%emt 0:00:00]} 6. Be3 {[%emt 0:00:00]} Bg7 {[%emt 0:00:10]} 7. f3 {[%emt 0:00:06]} Nc6 {[%emt 0:00:47]} 8. Bc4 {[%emt 0:00:58]} Bd7 {[%emt 0:00:41]} 9. Qd2 {[%emt 0:03:20]} a6 {[%emt 0:01:06]} 10. g4 {[%emt 0:00:33]} Rc8 {[%emt 0:01:05]} 11. Bb3 {[%emt 0:00:05]} Ne5 {[%emt 0:02:12]} 12. h4 {[%emt 0:01:48]} Nc4 {[%emt 0:00:12]} 13. Bxc4 {[%emt 0:00:03]} Rxc4 {[%emt 0:00:16]} 14. h5 {[%emt 0:01:45]} b5 {[%emt 0:13:48]} 15. h6 {[%emt 0:09:38]} Bf8 {[%emt 0:00:08]} 16. Nde2 {[%emt 0:08:17]} e5 {[%emt 0:03:23]} 17. g5 {[%emt 0:04:08]} Nh5 {[%emt 0:00:15]} 18. Nd5 {[%emt 0:09:06]} Be6 {[%emt 0:02:02]} 19. b3 {[%emt 0:13:44]} Rc8 {[%emt 0:02:06]} 20. Rxh5 {[%emt 0:03:38]} Bxd5 {[%emt 0:00:38]} 21. Nc3 {[%emt 0:15:06]} Be6 {[%emt 0:01:38]} 22. Rh2 {[%emt 0:01:12]} Qc7 {[%emt 0:01:06]} 23. Nd5 {[%emt 0:00:55]} Bxd5 {[%emt 0:00:00]} 24. exd5 {[%emt 0:00:12]} Be7 {[%emt 0:00:55]} 25. f4 {[%emt 0:03:22]} O-O {[%emt 0:01:03]} 26. O-O-O {[%emt 0:04:19]} Rfd8 {[%emt 0:04:37]} 27. Kb1 {[%emt 0:02:26]} a5 {[%emt 0:00:29]} 28. Rf1 {[%emt 0:01:20]} a4 {[%emt 0:02:51]} 29. Qf2 {[%emt 0:01:14]} Rf8 {[%emt 0:01:27]} 30. fxe5 {[%emt 0:01:56]} dxe5 {[%emt 0:01:17]} 31. Rd1 {[%emt 0:01:06]} axb3 {[%emt 0:02:17]} 32. cxb3 {[%emt 0:00:16]} Qd6 {[%emt 0:00:54]} 33. Qf1 {[%emt 0:06:48]} Qb4 {[%emt 0:04:28]} 34. d6 {[%emt 0:01:01]} Bd8 {[%emt 0:00:31]} 35. d7 {[%emt 0:01:25]} Rc3 {[%emt 0:00:57]} 36. Bc1 {[%emt 0:01:29]} Qe4+ {[%emt 0:13:54]} 37. Kb2 {[%emt 0:01:46]} Rc5 {[%emt 0:00:00]} 38. Re2 {[%emt 0:01:05]} Qc6 {[%emt 0:00:00]} 39. Be3 {[%emt 0:00:25]} Rd5 {[%emt 0:00:00]} 40. Qg2 {[%emt 0:00:40]} Rd6 {[%emt 0:00:00]} 41. Rxd6 {[%emt 0:01:40]} Qxd6 {[%emt 0:00:00]} 42. Rd2 {[%emt 0:00:03]} Qe6 {[%emt 0:01:50]} 43. Qa8 {[%emt 0:01:47]} e4 {[%emt 0:11:19]} 44. Kb1 {[%emt 0:00:19]} Qf5 {[%emt 0:06:27]} 45. Qd5 {[%emt 0:01:01]} Qf1+ {[%emt 0:00:55]} 46. Kb2 {[%emt 0:00:20]} Qe1 {[%emt 0:06:40]} 47. Qd4 {[%emt 0:00:45]} f6 {[%emt 0:01:05]} 48. gxf6 {[%emt 0:00:10]} Rxf6 {[%emt 0:03:05]} 49. Bg5 {[%emt 0:01:02]} e3 {[%emt 0:01:28]} 50. Bxe3 {[%emt 0:00:15]} Rf7 {[%emt 0:02:36]} 51. Bf2 {[%emt 0:01:42]} Qe7 {[%emt 0:02:10]} 52. Kc2 {[%emt 0:00:37]} b4 {[%emt 0:02:06]} 53. Qd5 {[%emt 0:00:19]} g5 {[%emt 0:02:03]} 54. Bc5 {[%emt 0:00:12]} Qf6 {[%emt 0:01:19]} 55. Bxb4 {[%emt 0:00:50]} Qxh6 {[%emt 0:00:00]} 56. Qa8 {[%emt 0:00:10]} Qf6 {[%emt 0:01:00]} 57. Bc3 {[%emt 0:00:47]} Qf5+ {[%emt 0:00:29]} 58. Kb2 {[%emt 0:00:05]} Rxd7 {[%emt 0:00:36]} 59. Rxd7 {[%emt 0:00:31]} Qxd7 {[%emt 0:00:31]} 60. Ba5 {[%emt 0:00:00]} Qg7+ {[%emt 0:00:20]} 61. Ka3 {[%emt 0:00:16]} Qf8+ {[%emt 0:00:12]} 62. b4 {[%emt 0:00:18]} Be7 {[%emt 0:00:39]} 63. Qxf8+ {[%emt 0:00:34]} Kxf8 {[%emt 0:00:16]} 64. Ka4 {[%emt 0:00:12]} Ke8 {[%emt 0:00:32]} 65. b5 {[%emt 0:00:33]} Kd7 {[%emt 0:00:37]} 66. Bb4 {[%emt 0:00:24]} Bxb4 {[%emt 0:00:40]} 67. Kxb4 {[%emt 0:00:03]} g4 {[%emt 0:00:06]} 68. Ka5 {[%emt 0:00:05]} g3 {[%emt 0:00:42]} 69. b6 {[%emt 0:00:38]} g2 {[%emt 0:00:21]} 0-1